000 00811nam a2200241Ia 4500
999 _c53725
_d53725
001 20773
003 GE_BSU
005 20221111160405.0
008 181216s2014||||enk|||||||||||||| ||eng||
020 _a9781137362322x
040 _cGE_BSU
041 _aeng
080 _a327(4) M-10
100 _aMcCormick, John
_911121
245 _aUnderstanding the European Union :
_b A Concise Introduction /
_cJohn McCormick.
264 _aNew York :
_bPalgrave Macmillan,
_c2014.
300 _a253 p. ;
_c23 cm.
500 _aBibl. : p. 234-247 ; Index. : p. 248-253
653 _aUnderstanding the European Union : A Concise Introduction
653 _aПонимание Европейского Союза : краткое введение
653 _aევროკავშირი
942 _cBK
_2udc